Evaluation of layer diet formulated from non-conventional feeding stuffs (Record no. 47455)

MARC details
000 -LEADER
fixed length control field 01195nam a2200133Ia 4500
100 ## - MAIN ENTRY--AUTHOR NAME
Personal name Ravindran V
245 #0 - TITLE STATEMENT
Title Evaluation of layer diet formulated from non-conventional feeding stuffs
520 ## - SUMMARY, ETC.
Summary, etc A layer diet, the formulation of which was based on several non-conventional feedingstuffs, was evaluated at the research stationa dn under small farm conditions in Sri Lanka. The new feeding stuffs included finge millet, rice polishings, rubbber seed meal, cassava leaf meal, ipil ipil leaf meal and dried poultry manure. A commercial mash, that is normally used on the farm, served as the control.2. The performance and egg quality characteristics were similar between the test and control diets, the only exception being the egg yolk colour which was improved (P<0.05) by feeding the test diet. Food cost per dozen eggs was lowered by feeding the test diet. 3. It is possible to formulate layer diets using non-conventional feedingstuffs, achieve acceptable production and lower the food costs under small farm conditions in tropical developing countries.
650 ## - SUBJECT ADDED ENTRY--TOPICAL TERM
Topical Term Diet
650 ## - SUBJECT ADDED ENTRY--TOPICAL TERM
Topical Term Hens
650 ## - SUBJECT ADDED ENTRY--TOPICAL TERM
Topical Term Rubber seed meal
942 ## - ADDED ENTRY ELEMENTS (KOHA)
Koha item type Bibliography RLSE
Holdings
Withdrawn status Lost status Damaged status Not for loan Home library Current library Date acquired Koha item type
      Bibliography RRII Library RRII Library 31/12/2021 Bibliography RLSE